Quiz o Hajnówce - Statystyki

Ogólne statystyki
  • Ten quiz został rozwiązany 11 razy
  • Średni wynik to 9 z 12
Statystyki odpowiedzi
Pytanie Odpowiedź % Poprawnych
Jakie rejestracje samochodowe są w Hajnówce? BHA
100%
W 2007 roku wprowadzono język pomocniczy, co to za język? Język {białoruski}
100%
Na pograniczu jakich dwóch krain historycznych leży Hajnówka? Podlasie
100%
Na pograniczu jakich dwóch krain historycznych leży Hajnówka? Polesie
100%
Większość mieszkańców Hajnówki to wyznawcy Prawosławia
100%
Niedaleko jakiej puszczy leży Hajnówka? Puszcza {Białowieska}
100%
Jak nazywa się klub piłkarski z Hajnówki? {Puszcza} Hajnówka
67%
W jakim mezoregionie leży Hajnówka? Równina {Bielska}
67%
W którym roku Hajnówka otrzymała prawa miejskie? 1951
33%
Jak nazywa się burmistrz Hajnówki? Ireneusz Kiendyś
33%
Nad jaką rzeką leży Hajnówka Leśna Prawa
33%
Jaka jest białoruska nazwa Hajnówki? Гайнаўка (trb. Hajnaŭka)
33%
Nie znaleziono quizów pasujących do podanych kryteriów
Rozkład punktacji
Procent ludzi z każdym wynikiem
Percentyl według liczby udzielonych odpowiedzi
Twoja historia wyników
Nie rozwiązałeś tego quizu